Datum a čas kvízu
40
Celkem bodů
Celkový počet nahraných bodů na tomto kvízu bez doplňovacích otázek.
4.
Pořadí na kvízu
Konečné umístění týmu na tomto kvízu.
Zaznamenané odpovědi
| # | Otázka | Odpověď | Body | Výsledky |
|---|---|---|---|---|
| 1. | Od minulého týdne až do 15. ří... | rod Přemyslovců | 1 | |
| 2. | Dva zkušení borci, 66letý Joha... | traktory | 0 | |
| 3. | V pondělí jsme se dozvěděli, ž... | Charlotte Gottová | 1 | |
| 4. | Který unikátní předmět z Titan... | záchranná vesta | 0 | |
| 5. | Ve středu bylo zahájeno mistro... | Bratislava; Trenčín | 1 | |
| 6. | Vědci v minulosti několikrát t... | D) kofein | 1 | |
| 7. | Světová zdravotnická organizac... | o Rumunsko | 0 | |
| 8. | V červenci 2025 Senát schválil... | 3 (2 a 4 za půl bodu) | 1 | |
| 9. | Na které z fotografií se nachá... | A) | 1 | |
| 10. | Velení wehrmachtu si před začá... | pervitin | 1 |